| 000 | 01120nam a22003497a 4500 | ||
|---|---|---|---|
| 003 | CHAP | ||
| 005 | 20220817044325.0 | ||
| 008 | 100309s20100 mx r 00010 spa d | ||
| 010 | _a97703 | ||
| 011 | _a98675 | ||
| 020 | _a9786071703842 | ||
| 035 | _a109360 | ||
| 040 | _cCHAP | ||
| 082 | 1 | 4 |
_a338.4791 _bC27 |
| 100 | 1 |
_aCastillo Nechar, Marcelino _920185 |
|
| 245 | 1 | 0 |
_aEpistemología del turismo : _bestudios críticos _c/por Marcelino Castillo Nechar y Alexandre Panosso Netto |
| 260 |
_aMéxico, D. F. : _bTrillas, _c2010 |
||
| 300 | _a216 p. | ||
| 590 |
_aBATCH-UPD _b10 _c20130110 _lUCH01 _h0959 |
||
| 590 |
_aBATCH-UPD _b10 _c20130410 _lUCH01 _h0611 |
||
| 590 |
_aBATCH-UPD _b10 _c20130914 _lUCH01 _h0858 |
||
| 590 |
_aCONVERSION _b10 _c20130109 _lUCH01 _h1354 |
||
| 650 | 1 | 4 | _aDesarrollo social. |
| 650 | 1 | 4 | _aDesarrollo sustentable. |
| 650 | 1 | 4 |
_aEcoturismo. _935298 |
| 650 | 1 | 4 |
_aGlobalización. _948300 |
| 650 | 1 | 4 |
_aTurismo. _9115606 |
| 700 | 1 |
_aPanosso Netto, Alexandre _985121 |
|
| 901 | _aBK | ||
| 942 | _cLIBRO | ||
| 949 |
_a338.4791 C27 _bBC _cLIBRO _d33724002161173 _eLIBRO _gI.c/e _h112064 _i109360 _sb |
||
| 999 |
_c97703 _d97703 |
||